STRATEGIC MANAGEMENT OF THE HEALTH CARE (Record no. 17349)

MARC details
000 -LEADER
fixed length control field 00336nam a2200133Ia 4500
008 - FIXED-LENGTH DATA ELEMENTS--GENERAL INFORMATION
fixed length control field 240624s9999 xx 000 0 und d
041 ## - LANGUAGE CODE
Language code of text/sound track or separate title eng
082 ## - DEWEY DECIMAL CLASSIFICATION NUMBER
Classification number 362.1068 SCH
100 ## - MAIN ENTRY--PERSONAL NAME
Personal name SCHNELLER EUGENE S
245 ## - TITLE STATEMENT
Title STRATEGIC MANAGEMENT OF THE HEALTH CARE
260 ## - PUBLICATION, DISTRIBUTION, ETC.
Date of publication, distribution, etc. 2006
Place of publication, distribution, etc. London
Name of publisher, distributor, etc. Jossey-Bass
300 ## - PHYSICAL DESCRIPTION
Extent 328 : p.
365 ## - TRADE PRICE
Currency code
Price amount 27
Holdings
Withdrawn status Lost status Damaged status Not for loan Home library Current library Shelving location Date acquired Source of acquisition Cost, normal purchase price Full call number Barcode Date last seen Copy number Price effective from Koha item type
        IMTN IMTN Rack 15-A 07/04/2011 BWE 77.95 362.1068 SCH 17349 06/24/2024 47.3 06/24/2024 Books
Designed & Maintained by: LRC IMT Nagpur Contact: lrc@imtnag.ac.in© 2024. All Rights Reserved.